| 000 | 00636nam a2200217 4500 | ||
|---|---|---|---|
| 001 | 107499 | ||
| 003 | ES-MaACL | ||
| 005 | 20230906184432.0 | ||
| 007 | t| | ||
| 008 | 061121s1955 sp r ||||1| spa d | ||
| 100 | 1 |
_aMoray, Helga. _983173 |
|
| 245 | 1 | 0 |
_aCaravana hacia el sur / _cHelga Moray; versión española de Ana María de Foronda. |
| 250 | _a1.ª ed. | ||
| 260 |
_aBarcelona : _bLuis de Caralt, _c1955. |
||
| 300 |
_a359 p. ; _c20. |
||
| 490 | 1 | _aColección gigante | |
| 700 | 1 |
_aForonda, Ana-María de. _951800 |
|
| 830 | 0 |
_aColección gigante _9181935 |
|
| 852 |
_aES-MaACL _jC-10473 _bR.38047 |
||
| 999 |
_c107499 _d107499 |
||